000 00641cam a2200229 4500
001 J85739
008 090401t xxu||||| |||| 00| 0 eng d
035 _a(Sirsi) u80160
041 _aeng
050 _a526.903
110 _aFederation International Des Geometres
245 _aDictionnaire multilingue de la Federation Internationale des Geometres. Edition trilingue Francais - Allemand - Anglais.
260 _aAmsterdam
_bFIG
_cn.d.
300 _axviii,501p. ; 25cm.
350 _a0
650 _aDICTIONARIES
650 _aGEODESY
650 _aLAND SURVEYING
690 _aLAND SURVEYING
942 _n0
948 _c08/08/1997
999 _c96601
_d96601